Southville International School and Colleges
Your cart is empty.
  • Cart
  • Lists
    Public lists Eva Luna New books Lux_list list_1
    Your lists Log in to create your own lists
  • Log in to your account
  • Your cookies
  • Search history
Southville International School and Colleges
  • Advanced search
  • Recent comments
  • Most popular
  • Libraries

Log in to your account

Log in with GOOGLE


If you do not have an external account, but do have a local account, you can still log in:

  1. Home
  2. MARC view: Tell it on video /
Normal view MARC view ISBD view

Tell it on video / (Record no. 340040)

[ view plain ]
MARC details
000 -LEADER
fixed length control field 00633nam a2200265Ia 4500
008 - FIXED-LENGTH DATA ELEMENTS--GENERAL INFORMATION
fixed length control field 170711s9999 xx 000 0 und d
020 ## - INTERNATIONAL STANDARD BOOK NUMBER
International Standard Book Number 9780725311766
050 ## - LIBRARY OF CONGRESS CALL NUMBER
Classification number 372.35
050 ## - LIBRARY OF CONGRESS CALL NUMBER
Item number S891 1996
100 ## - MAIN ENTRY--PERSONAL NAME
Personal name Stow, Hardy
245 ## - TITLE STATEMENT
Title Tell it on video /
245 ## - TITLE STATEMENT
Statement of responsibility, etc by Hardy Stow.
260 ## - PUBLICATION, DISTRIBUTION, ETC. (IMPRINT)
Place of publication, distribution, etc Australia :
260 ## - PUBLICATION, DISTRIBUTION, ETC. (IMPRINT)
Name of publisher, distributor, etc Bookshelf Publishing,
260 ## - PUBLICATION, DISTRIBUTION, ETC. (IMPRINT)
Date of publication, distribution, etc 1996
300 ## - PHYSICAL DESCRIPTION
Extent 56 pages :
300 ## - PHYSICAL DESCRIPTION
Other physical details chiefly colored ;
300 ## - PHYSICAL DESCRIPTION
Dimensions 25cm.
440 ## - SERIES STATEMENT/ADDED ENTRY--TITLE
Title Bookshelf,
440 ## - SERIES STATEMENT/ADDED ENTRY--TITLE
Volume number/sequential designation Stage 7.
650 ## - SUBJECT ADDED ENTRY--TOPICAL TERM
Topical term or geographic name as entry element Video recordings --
650 ## - SUBJECT ADDED ENTRY--TOPICAL TERM
General subdivision Production and direction.
700 ## - ADDED ENTRY--PERSONAL NAME
Personal name Series.
700 ## - ADDED ENTRY--PERSONAL NAME
Personal name Title.

No items available.

Tell it on video /

APA

Stow H., Series & Title.Tell it on video. Australia: .

Chicago

Stow Hardy, Series and Title.Tell it on video. Australia: .

Harvard

Stow H., Series and Title.Tell it on video. Australia: .

MLA

Stow Hardy, Series and Title.Australia: . .

  • Print
  • Cite
  • Add to your cart (remove)
  • Save record
    BIBTEX Dublin Core MARCXML MARC (non-Unicode/MARC-8) MARC (Unicode/UTF-8) MARC (Unicode/UTF-8, Standard) MODS (XML) RIS
  • More searches
    Search for this title in:
    Other Libraries (WorldCat) Other Databases (Google Scholar) Online Stores (Bookfinder.com) Open Library (openlibrary.org)

Exporting to Dublin Core...

SOUTHVILLE LIBRARY

Southville International School and Colleges Library

1281 Tropical Ave. Cor. Luxembourg St., BF Homes International, Las Pinas City

Tel. No. 8256374 / 252358 Loc. 117/146

Powered by Koha